Revista jurídica de Buenos Aires. religión y derecho. / N° 98, Año 44 :

Guardado en:
Autor Principal: Alegre, Marcelo, (coord.)
Formato: Seriadas
Idioma:Spanish
Publicado: Buenos Aires : Abeledo Perrot; Departamento de publicaciones UBA, 2019.
Edición:1a. ed.
Materias:
Etiquetas: Agregar Etiqueta
Sin Etiquetas, Sea el primero en etiquetar este registro!
LEADER 00607nas a22001695a 4500
001 DER.der014960
008 240313s2019####|||||#|||||||||###||spa||
005 20240319082655.0
245 1 0 |a Revista jurídica de Buenos Aires.  |n N° 98,  |p Año 44 :  |b religión y derecho. /  |c Marcelo Alegre. 
250 |a 1a. ed. 
260 |a Buenos Aires :  |b Abeledo Perrot; Departamento de publicaciones UBA,  |c 2019. 
300 |a 195 p. 
100 1 |a Alegre, Marcelo,  |e coord. 
650 7 |a DISCRIMINACION POR RAZON DE RELIGION 
650 7 |a LIBERTAD RELIGIOSA 
650 7 |a CONTITUCIONALISMO 
859 |a DERECHO  |b BIB. DERECHO  |h 344.096  |i ALE  |p 0010293